Bekannte Persönlichkeiten aus Oberösterreich - Statistiken

Allgemein
  • Dieses Quiz wurde 62 mal gespielt
  • Das Durchschnittsergebnis liegt bei 6 aus 20
Antwortstatistiken
Geburtsjahr Geburtsort Hinweis Person % Korrekt
1982 Linz Sängerin ("Ich lebe", "Millionen Lichter"), 6 Nr.1-Alben in Österreich, eines in Deutschland Christina Stürmer
85%
1972 Ried im Innkreis ehemaliger Skispringer, Weltmeister und 2x Vierschanzentourneesieger, heute TV-Experte/Co-Kommentator Andreas Goldberger
66%
1824 Ansfelden Komponist der Romantik (10 Sinfonien) Anton Bruckner
58%
1950 Gmunden Sänger der Ersten Allgemeinen Verunsicherung (EAV), Moderator von "Dancing Stars" Klaus Eberhartinger
57%
1787 Unterweitzberg (Hochburg-Ach) Komponist, schrieb die Melodie zu "Stille Nacht, heilige Nacht" Franz Xaver Gruber
49%
1970 Ostermiething Physiker, ehemals Teil der Science Busters Werner Gruber
43%
1970 Kirchdorf an der Krems Bergsteigerin, bestieg alle 14 Achttausender ohne mitgeführten Sauerstoff Gerlinde Kaltenbrunner
42%
1968 Grieskirchen Sportkommentator, moderiert und kommentiert v.a. Formel-1-Übertragungen im ORF Ernst Hausleitner
28%
1915 Niederkappel von 1974 bis 1986 Bundespräsident, davor Außenminister Rudolf Kirchschläger
25%
1950 Bad Goisern Sänger, vor ^ bei der EAV, außerdem als Solomusiker erfolgreich ("Mary, Oh Mary ","Ziwui, Ziwui", "Ikarus") Wilfried
23%
1974 Linz Musiker, Pionier des Electroswing ("Catgroove", "All Night", "The Sun") Parov Stelar
19%
1857 Wels Psychiater, bekam 1927 den Medizin-Nobelpreis für Forschungen zur Behandlung von Paralyse Julius Wagner-Jauregg
17%
1977 Linz Schauspielerin ("Das Parfum", "Alle anderen"), früher bei den Salzburger Festspielen (Jedermann), aktuell am Wiener Burgtheater Birgit Minichmayr
13%
1967 Vöcklabruck Schriftsteller ("Das Floß der Medusa", "Hunt oder Der totale Februar" (Theaterstück)) Franzobel
11%
1944 Bad Ischl Schauspieler ("Die Verdammten", "Ludwig II.") Helmut Berger
8%
1891 Linz Opernsänger (Tenor), "König des Belcanto", wurde mit seiner Interpretation von "Dein ist mein ganzes Herz" weltbekannt Richard Tauber
6%
1949 Freistadt Schriftstellerin ("Wie kommt das Salz ins Meer", "Lange Abwesenheit") Brigitte Schwaiger
4%
1920 Frauenstein (Molln) Schriftstellerin ("Die Wand", "Die Mansarde") Marlen Haushofer
4%
1755 Steyr Schriftsteller der Aufklärung ("Virgils Aeneis, travestiert") Aloys Blumauer
2%
1809 Steyr Begründer des wissenschaftlichen Maschinenbaus Ferdinand Redtenbacher
2%
Keine übereinstimmenden Quizze gefunden
Verteilung der Resultate
Anzahl Personen mit jedem Resultat
Perzentil nach korrekt beantworteten Fragen
Ihre Resultats-Entwicklung
Sie haben dieses Quiz noch nicht gespielt